| 000 | 00487nam a2200157 a 4500 | ||
|---|---|---|---|
| 001 | 000040141 | ||
| 005 | 20201002033937.0 | ||
| 008 | 130808s1990 cu a 000 0 spa d | ||
| 040 |
_aDO-SdBNP _bspa _cBNPHU |
||
| 082 | _axxx | ||
| 100 | 1 |
_aGuillén, Nicolás, _d1902-1989 _95891 |
|
| 245 | 1 | 0 |
_aAntología mayor / _cNicolás Guillén ; prólogo Ángel Augier. |
| 260 |
_aCuba : _bPueblo y educacion, _c1990. |
||
| 300 |
_a275 p. : _bil. ; _c23 cm. |
||
| 700 | 1 |
_aAugier, Ángel, _epról. _923432 |
|
| 999 |
_c39631 _d39631 |
||